[Event "DEM U10w 2025"]
[Site "Willingen GER"]
[Date "2025.06.09"]
[Round "3"]
[White "Rose, Malina Rita"]
[Black "Ruddat, Maila"]
[Result "0-1"]
[Termination "normal"]
[Board "5"]
[WhiteElo "1549"]
[BlackElo "1573"]
[WhiteClock "00:09:38"]
[BlackClock "01:00:17"]
[PlyCount "66"]
[WhiteFideId "34665749"]
[BlackFideId "34628100"]
[EventCountry "GER"]
[EventRounds "9"]
[EventType "swiss"]
[EventDate "2025.06.07"]

1. e4 {[%clk 01:30:56]} {[%emt 00:00:04]} e5 {[%clk 01:29:43]} {[%emt
00:01:18]} 2. Nf3 {[%clk 01:31:09]} {[%emt 00:00:16]} Nc6 {[%clk 01:28:56]}
{[%emt 00:01:17]} 3. Bc4 {[%clk 01:30:59]} {[%emt 00:00:39]} Nf6 {[%clk
01:28:08]} {[%emt 00:01:18]} 4. d3 {[%clk 01:24:35]} {[%emt 00:06:54]} Bc5
{[%clk 01:27:39]} {[%emt 00:00:59]} 5. O-O {[%clk 01:22:46]} {[%emt 00:02:18]}
d6 {[%clk 01:27:30]} {[%emt 00:00:39]} 6. h3 {[%clk 01:21:18]} {[%emt
00:02:00]} Be6 {[%clk 01:25:47]} {[%emt 00:02:11]} 7. Bb3 {[%clk 01:19:37]}
{[%emt 00:02:12]} Qd7 {[%clk 01:25:18]} {[%emt 00:00:58]} 8. Be3 {[%clk
01:18:55]} {[%emt 00:01:13]} Bb6 {[%clk 01:25:29]} {[%emt 00:00:19]} 9. Nc3
{[%clk 01:19:02]} {[%emt 00:00:24]} h6 {[%clk 01:24:43]} {[%emt 00:01:16]} 10.
Qe2 {[%clk 01:15:16]} {[%emt 00:04:16]} g5 {[%clk 01:23:23]} {[%emt 00:01:50]}
11. Bxe6 {[%clk 01:13:22]} {[%emt 00:02:24]} Qxe6 {[%clk 01:19:52]} {[%emt
00:04:00]} 12. Nh2 {[%clk 01:10:04]} {[%emt 00:03:48]} O-O-O {[%clk 01:19:42]}
{[%emt 00:00:41]} 13. Bxb6 {[%clk 01:07:21]} {[%emt 00:03:13]} cxb6 {[%clk
01:17:27]} {[%emt 00:02:43]} 14. f3 {[%clk 01:04:55]} {[%emt 00:02:58]} Nd4
{[%clk 01:16:47]} {[%emt 00:01:09]} 15. Qd2 {[%clk 01:02:46]} {[%emt 00:02:34]}
h5 {[%clk 01:13:37]} {[%emt 00:03:42]} 16. Qxg5 {[%clk 00:47:15]} {[%emt
00:16:04]} Rhg8 {[%clk 01:13:41]} {[%emt 00:00:27]} 17. Qd2 {[%clk 00:46:51]}
{[%emt 00:00:51]} Qxh3 {[%clk 01:13:54]} {[%emt 00:00:19]} 18. Rf2 {[%clk
00:43:06]} {[%emt 00:04:15]} h4 {[%clk 01:11:48]} {[%emt 00:02:33]} 19. Nf1
{[%clk 00:34:53]} {[%emt 00:08:46]} Qe6 {[%clk 01:11:14]} {[%emt 00:01:02]} 20.
Nh2 {[%clk 00:28:34]} {[%emt 00:06:51]} Nh5 {[%clk 01:09:35]} {[%emt 00:02:05]}
21. Nf1 {[%clk 00:27:42]} {[%emt 00:01:26]} Nf4 {[%clk 01:08:11]} {[%emt
00:01:53]} 22. Kh1 {[%clk 00:26:13]} {[%emt 00:01:58]} f5 {[%clk 01:07:07]}
{[%emt 00:01:35]} 23. a3 {[%clk 00:22:36]} {[%emt 00:04:08]} Kb8 {[%clk
01:05:53]} {[%emt 00:01:44]} 24. exf5 {[%clk 00:21:56]} {[%emt 00:01:11]} Nxf5
{[%clk 01:05:47]} {[%emt 00:00:35]} 25. Re1 {[%clk 00:21:05]} {[%emt 00:01:22]}
Qh6 {[%clk 01:05:26]} {[%emt 00:00:50]} 26. Qd1 {[%clk 00:18:05]} {[%emt
00:03:30]} Ng3+ {[%clk 01:05:15]} {[%emt 00:00:41]} 27. Kh2 {[%clk 00:16:29]}
{[%emt 00:02:02]} Rg7 {[%clk 01:03:52]} {[%emt 00:01:57]} 28. Ne4 {[%clk
00:13:05]} {[%emt 00:03:55]} Rdg8 {[%clk 01:02:35]} {[%emt 00:01:47]} 29. Qd2
{[%clk 00:11:36]} {[%emt 00:01:58]} d5 {[%clk 01:00:20]} {[%emt 00:02:43]} 30.
Nc3 {[%clk 00:11:44]} {[%emt 00:00:25]} h3 {[%clk 00:59:51]} {[%emt 00:00:58]}
31. Nxg3 {[%clk 00:10:54]} {[%emt 00:01:21]} Rxg3 {[%clk 00:59:57]} {[%emt
00:00:24]} 32. Nxd5 {[%clk 00:09:42]} {[%emt 00:01:41]} hxg2+ {[%clk 01:00:00]}
{[%emt 00:00:27]} 33. Kg1 {[%clk 00:09:38]} {[%emt 00:00:34]} Qh1# {[%clk
01:00:17]} {[%emt 00:00:12]} 0-1

[Event "DEM U10w 2025"]
[Site "Willingen GER"]
[Date "2025.06.09"]
[Round "3"]
[White "Müller, Greta Waltraud"]
[Black "Goyush, Shams"]
[Result "1-0"]
[Termination "normal"]
[Board "6"]
[WhiteElo "1362"]
[BlackElo "1132"]
[WhiteClock "01:11:04"]
[BlackClock "00:37:55"]
[PlyCount "83"]
[WhiteFideId "533043590"]
[BlackFideId "533030855"]
[EventCountry "GER"]
[EventRounds "9"]
[EventType "swiss"]
[EventDate "2025.06.07"]

1. e4 {[%clk 01:30:54]} {[%emt 00:00:04]} e6 {[%clk 01:30:55]} {[%emt
00:00:06]} 2. d4 {[%clk 01:31:11]} {[%emt 00:00:13]} d5 {[%clk 01:31:20]}
{[%emt 00:00:05]} 3. exd5 {[%clk 01:31:21]} {[%emt 00:00:20]} exd5 {[%clk
01:31:43]} {[%emt 00:00:07]} 4. Bd3 {[%clk 01:31:26]} {[%emt 00:00:24]} Ne7
{[%clk 01:31:59]} {[%emt 00:00:15]} 5. Ne2 {[%clk 01:30:52]} {[%emt 00:01:04]}
Nbc6 {[%clk 01:32:13]} {[%emt 00:00:16]} 6. c3 {[%clk 01:29:50]} {[%emt
00:01:32]} Bf5 {[%clk 01:32:11]} {[%emt 00:00:32]} 7. Bxf5 {[%clk 01:29:18]}
{[%emt 00:01:03]} Nxf5 {[%clk 01:32:28]} {[%emt 00:00:12]} 8. Bf4 {[%clk
01:29:24]} {[%emt 00:00:20]} Bd6 {[%clk 01:32:34]} {[%emt 00:00:27]} 9. Qc2
{[%clk 01:28:41]} {[%emt 00:01:12]} Nfe7 {[%clk 01:28:15]} {[%emt 00:04:51]}
10. Nd2 {[%clk 01:27:04]} {[%emt 00:02:07]} Bxf4 {[%emt 00:03:04]} 11. Nxf4
{[%clk 01:27:12]} {[%emt 00:00:04]} Qd6 {[%clk 01:26:08]} {[%emt 00:00:21]} 12.
Ne2 {[%clk 01:26:11]} {[%emt 00:01:31]} Qg6 {[%clk 01:25:05]} {[%emt 00:01:31]}
13. Qxg6 {[%clk 01:26:06]} {[%emt 00:00:37]} Nxg6 {[%clk 01:21:54]} {[%emt
00:03:41]} 14. O-O-O {[%clk 01:25:16]} {[%emt 00:01:19]} O-O-O {[%clk
01:22:18]} {[%emt 00:00:06]} 15. Nb3 {[%clk 01:25:27]} {[%emt 00:00:20]} Rhe8
{[%clk 01:21:29]} {[%emt 00:01:17]} 16. Rhe1 {[%clk 01:25:12]} {[%emt
00:00:46]} Nh4 {[%clk 01:20:46]} {[%emt 00:01:14]} 17. Nf4 {[%clk 01:23:16]}
{[%emt 00:02:22]} Rxe1 {[%clk 01:19:54]} {[%emt 00:01:25]} 18. Rxe1 {[%clk
01:23:29]} {[%emt 00:00:17]} g5 {[%clk 01:19:31]} {[%emt 00:00:53]} 19. g3
{[%clk 01:21:50]} {[%emt 00:02:04]} gxf4 {[%clk 01:19:34]} {[%emt 00:00:32]}
20. gxh4 {[%clk 01:22:06]} {[%emt 00:00:14]} Kd7 {[%clk 01:18:58]} {[%emt
00:01:06]} 21. Rg1 {[%clk 01:18:16]} {[%emt 00:04:19]} h5 {[%clk 01:10:30]}
{[%emt 00:08:59]} 22. Rg7 {[%clk 01:17:38]} {[%emt 00:01:05]} Ke8 {[%clk
01:09:22]} {[%emt 00:01:40]} 23. Rh7 {[%clk 01:17:39]} {[%emt 00:00:22]} Rd6
{[%clk 01:09:11]} {[%emt 00:00:48]} 24. Rxh5 {[%clk 01:17:32]} {[%emt
00:00:38]} Ne7 {[%clk 01:06:51]} {[%emt 00:02:49]} 25. Nc5 {[%clk 01:16:40]}
{[%emt 00:01:23]} Ng6 {[%clk 01:04:32]} {[%emt 00:02:49]} 26. Nxb7 {[%clk
01:15:58]} {[%emt 00:01:13]} Re6 {[%clk 01:03:20]} {[%emt 00:01:41]} 27. Kd1
{[%clk 01:13:15]} {[%emt 00:03:14]} f3 {[%clk 01:03:06]} {[%emt 00:00:44]} 28.
Rxd5 {[%clk 01:11:53]} {[%emt 00:01:52]} Re2 {[%clk 00:58:30]} {[%emt
00:05:06]} 29. h5 {[%clk 01:11:17]} {[%emt 00:01:04]} Nf4 {[%clk 00:53:57]}
{[%emt 00:05:05]} 30. Re5+ {[%clk 01:11:04]} {[%emt 00:00:39]} Rxe5 {[%clk
00:54:11]} {[%emt 00:00:20]} 31. dxe5 {[%clk 01:11:29]} {[%emt 00:00:05]} Nxh5
{[%clk 00:54:31]} {[%emt 00:00:09]} 32. Kd2 {[%clk 01:11:53]} {[%emt 00:00:07]}
Kd7 {[%clk 00:46:35]} {[%emt 00:08:25]} 33. Ke3 {[%clk 01:11:13]} {[%emt
00:01:10]} Ke6 {[%clk 00:45:43]} {[%emt 00:01:21]} 34. Ke4 {[%clk 01:10:25]}
{[%emt 00:01:20]} Ng7 {[%clk 00:42:55]} {[%emt 00:03:18]} 35. Nc5+ {[%clk
01:10:39]} {[%emt 00:00:16]} Ke7 {[%clk 00:42:20]} {[%emt 00:01:04]} 36. Kxf3
{[%clk 01:10:50]} {[%emt 00:00:19]} Ne6 {[%clk 00:42:16]} {[%emt 00:00:34]} 37.
Nxe6 {[%clk 01:11:01]} {[%emt 00:00:19]} Kxe6 {[%clk 00:42:08]} {[%emt
00:00:38]} 38. Ke4 {[%clk 01:11:27]} {[%emt 00:00:05]} c6 {[%clk 00:42:07]}
{[%emt 00:00:32]} 39. f4 {[%clk 01:11:51]} {[%emt 00:00:05]} f5+ {[%clk
00:40:58]} {[%emt 00:01:39]} 40. Kd4 {[%clk 01:11:55]} {[%emt 00:00:25]} Kd7
{[%clk 00:38:20]} {[%emt 00:03:01]} 41. Kc5 {[%clk 01:10:45]} {[%emt 00:01:48]}
Kc7 {[%clk 00:37:55]} {[%emt 00:00:54]} 42. h4 {[%clk 01:11:04]} {[%emt
00:00:11]} 1-0

[Event "DEM U10w 2025"]
[Site "Willingen GER"]
[Date "2025.06.09"]
[Round "3"]
[White "Kotliarova, Emily"]
[Black "Schaper, Alicia"]
[Result "1/2-1/2"]
[Termination "normal"]
[Board "7"]
[WhiteElo "1480"]
[BlackElo "1473"]
[WhiteClock "00:34:09"]
[BlackClock "00:58:11"]
[PlyCount "41"]
[WhiteFideId "34694390"]
[BlackFideId "533012091"]
[EventCountry "GER"]
[EventRounds "9"]
[EventType "swiss"]
[EventDate "2025.06.07"]

1. e4 {[%clk 01:30:59]} c5 {[%clk 01:30:56]} {[%emt 00:00:05]} 2. Nf3 {[%clk
01:31:24]} {[%emt 00:00:05]} d6 {[%clk 01:31:21]} {[%emt 00:00:05]} 3. Bb5+
{[%clk 01:31:48]} {[%emt 00:00:05]} Nd7 {[%clk 01:31:43]} {[%emt 00:00:08]} 4.
Bxd7+ {[%clk 01:32:06]} {[%emt 00:00:12]} Bxd7 {[%clk 01:32:04]} {[%emt
00:00:09]} 5. O-O {[%clk 01:32:21]} {[%emt 00:00:16]} Nf6 {[%clk 01:32:26]}
{[%emt 00:00:08]} 6. e5 {[%clk 01:32:23]} {[%emt 00:00:27]} dxe5 {[%clk
01:32:45]} {[%emt 00:00:10]} 7. Nxe5 {[%clk 01:32:47]} {[%emt 00:00:06]} e6
{[%clk 01:32:50]} {[%emt 00:00:25]} 8. d4 {[%clk 01:31:24]} {[%emt 00:01:54]}
Bd6 {[%clk 01:30:01]} {[%emt 00:03:19]} 9. Bg5 {[%clk 01:20:07]} {[%emt
00:11:47]} cxd4 {[%clk 01:23:09]} {[%emt 00:07:22]} 10. Qxd4 {[%clk 01:06:32]}
{[%emt 00:14:05]} Be7 {[%clk 01:15:57]} {[%emt 00:07:42]} 11. Nxd7 {[%clk
00:58:41]} {[%emt 00:08:22]} Qxd7 {[%clk 01:14:04]} {[%emt 00:02:22]} 12. Qxd7+
{[%clk 00:56:05]} {[%emt 00:03:06]} Nxd7 {[%clk 01:11:03]} {[%emt 00:03:30]}
13. Bxe7 {[%clk 00:55:46]} {[%emt 00:00:49]} Kxe7 {[%clk 01:11:04]} {[%emt
00:00:29]} 14. Nc3 {[%clk 00:56:09]} {[%emt 00:00:08]} a6 {[%clk 01:10:26]}
{[%emt 00:01:08]} 15. Rad1 {[%clk 00:56:00]} {[%emt 00:00:39]} Rhd8 {[%clk
01:08:03]} {[%emt 00:02:53]} 16. Rfe1 {[%clk 00:55:30]} {[%emt 00:01:00]} Nb6
{[%clk 01:03:39]} {[%emt 00:04:54]} 17. Ne4 {[%clk 00:45:06]} {[%emt 00:10:53]}
Rac8 {[%clk 01:00:53]} {[%emt 00:03:17]} 18. c3 {[%clk 00:40:15]} {[%emt
00:05:21]} h6 {[%clk 00:59:04]} {[%emt 00:02:18]} 19. f3 {[%clk 00:39:20]}
{[%emt 00:01:26]} Na4 {[%clk 00:58:36]} {[%emt 00:00:58]} 20. Rxd8 {[%clk
00:38:37]} {[%emt 00:01:13]} Kxd8 {[%clk 00:58:11]} {[%emt 00:00:55]} 21. Rd1+
{[%clk 00:34:09]} {[%emt 00:04:57]} 1/2-1/2

[Event "DEM U10w 2025"]
[Site "Willingen GER"]
[Date "2025.06.09"]
[Round "3"]
[White "Kruijssen, Hilde"]
[Black "Hleizer, Ahata"]
[Result "0-1"]
[Termination "normal"]
[Board "8"]
[WhiteElo "1457"]
[BlackElo "1594"]
[WhiteClock "00:03:29"]
[BlackClock "00:33:39"]
[PlyCount "84"]
[WhiteFideId "40100090"]
[BlackFideId "34643370"]
[EventCountry "GER"]
[EventRounds "9"]
[EventType "swiss"]
[EventDate "2025.06.07"]

1. e4 {[%clk 01:30:58]} {[%emt 00:00:01]} e5 {[%clk 01:30:49]} {[%emt
00:00:11]} 2. Nf3 {[%clk 01:31:22]} {[%emt 00:00:06]} Nc6 {[%clk 01:30:58]}
{[%emt 00:00:21]} 3. d4 {[%clk 01:31:44]} {[%emt 00:00:08]} exd4 {[%clk
01:31:17]} {[%emt 00:00:11]} 4. Bc4 {[%clk 01:32:04]} {[%emt 00:00:10]} Nf6
{[%clk 01:31:30]} {[%emt 00:00:17]} 5. e5 {[%clk 01:32:20]} {[%emt 00:00:14]}
d5 {[%clk 01:31:42]} {[%emt 00:00:18]} 6. Bb5 {[%clk 01:32:34]} {[%emt
00:00:16]} Nd7 {[%clk 01:31:51]} {[%emt 00:00:21]} 7. Bxc6 {[%clk 01:27:22]}
{[%emt 00:05:42]} bxc6 {[%clk 01:31:55]} {[%emt 00:00:26]} 8. Qxd4 {[%clk
01:23:04]} {[%emt 00:04:47]} Nb6 {[%clk 01:26:04]} {[%emt 00:06:22]} 9. O-O
{[%clk 01:17:09]} {[%emt 00:06:25]} Be7 {[%clk 01:23:13]} {[%emt 00:03:21]} 10.
Nc3 {[%clk 01:12:15]} {[%emt 00:05:24]} O-O {[%clk 01:21:29]} {[%emt 00:02:14]}
11. Be3 {[%clk 01:04:20]} {[%emt 00:08:24]} Bf5 {[%clk 01:18:53]} {[%emt
00:02:56]} 12. Qd2 {[%clk 01:00:30]} {[%emt 00:04:30]} Bg4 {[%clk 01:08:24]}
{[%emt 00:10:59]} 13. Qe2 {[%clk 00:55:47]} {[%emt 00:05:14]} Nc4 {[%clk
01:07:18]} {[%emt 00:01:36]} 14. b3 {[%clk 00:52:23]} {[%emt 00:03:53]} Nxe5
{[%clk 01:05:54]} {[%emt 00:01:55]} 15. Bd4 {[%clk 00:42:49]} {[%emt 00:10:04]}
Nxf3+ {[%clk 01:04:40]} {[%emt 00:01:44]} 16. gxf3 {[%clk 00:42:34]} {[%emt
00:00:44]} Be6 {[%clk 01:03:36]} {[%emt 00:01:35]} 17. Qe3 {[%clk 00:39:19]}
{[%emt 00:03:45]} Qd6 {[%clk 00:58:21]} {[%emt 00:05:43]} 18. Bxa7 {[%clk
00:36:17]} {[%emt 00:03:33]} Bd7 {[%clk 00:55:10]} {[%emt 00:03:42]} 19. Bd4
{[%clk 00:35:19]} {[%emt 00:01:27]} c5 {[%clk 00:53:58]} {[%emt 00:01:43]} 20.
Be5 {[%clk 00:33:56]} {[%emt 00:01:53]} Qg6+ {[%clk 00:53:43]} {[%emt
00:00:37]} 21. Kh1 {[%clk 00:32:22]} {[%emt 00:02:12]} d4 {[%clk 00:53:37]}
{[%emt 00:00:36]} 22. Bxd4 {[%clk 00:32:30]} {[%emt 00:00:22]} Bg5 {[%clk
00:53:07]} {[%emt 00:01:00]} 23. Qe5 {[%clk 00:30:08]} {[%emt 00:02:45]} cxd4
{[%clk 00:50:58]} {[%emt 00:02:47]} 24. Qxd4 {[%clk 00:30:10]} {[%emt
00:00:27]} Bf6 {[%clk 00:44:59]} {[%emt 00:06:29]} 25. Qxd7 {[%clk 00:28:08]}
{[%emt 00:02:32]} Bxc3 {[%clk 00:44:35]} {[%emt 00:00:55]} 26. Rad1 {[%clk
00:27:13]} {[%emt 00:01:24]} Rxa2 {[%clk 00:43:17]} {[%emt 00:01:48]} 27. Qxc7
{[%clk 00:25:32]} {[%emt 00:02:11]} Rxc2 {[%clk 00:41:27]} {[%emt 00:02:20]}
28. Rd8 {[%clk 00:24:56]} {[%emt 00:01:07]} Bb4 {[%clk 00:38:59]} {[%emt
00:02:57]} 29. Rxf8+ {[%clk 00:22:25]} {[%emt 00:03:01]} Bxf8 {[%clk 00:39:11]}
{[%emt 00:00:18]} 30. Qb8 {[%clk 00:22:07]} {[%emt 00:00:46]} Rb2 {[%clk
00:38:49]} {[%emt 00:00:53]} 31. Rg1 {[%clk 00:16:04]} {[%emt 00:06:33]} Qd3
{[%clk 00:37:56]} {[%emt 00:01:17]} 32. Rf1 {[%clk 00:09:15]} {[%emt 00:07:26]}
Qxf3+ {[%clk 00:37:10]} {[%emt 00:01:16]} 33. Kg1 {[%clk 00:09:08]} {[%emt
00:00:36]} Rxb3 {[%clk 00:36:34]} {[%emt 00:01:07]} 34. Qe5 {[%clk 00:07:20]}
{[%emt 00:02:16]} Rd3 {[%clk 00:35:59]} {[%emt 00:01:07]} 35. Qa1 {[%clk
00:07:16]} {[%emt 00:00:33]} Qg4+ {[%clk 00:35:41]} {[%emt 00:00:47]} 36. Kh1
{[%clk 00:07:25]} {[%emt 00:00:22]} Qh3 {[%clk 00:35:32]} {[%emt 00:00:39]} 37.
Rg1 {[%clk 00:05:18]} {[%emt 00:02:38]} Qh6 {[%clk 00:35:05]} {[%emt 00:00:57]}
38. Rd1 {[%emt 00:02:22]} Rh3 {[%clk 00:34:36]} 39. Qe5 {[%clk 00:04:15]}
{[%emt 00:00:37]} Qh5 {[%clk 00:33:28]} {[%emt 00:01:38]} 40. Qd4 {[%clk
00:03:13]} {[%emt 00:01:33]} Rxh2+ {[%clk 00:33:45]} {[%emt 00:00:14]} 41. Kg1
{[%clk 00:03:18]} {[%emt 00:00:24]} Rh1+ {[%clk 00:34:00]} {[%emt 00:00:16]}
42. Kg2 {[%clk 00:03:29]} {[%emt 00:00:18]} Qh3# {[%clk 00:33:39]} {[%emt
00:00:09]} 0-1

[Event "DEM U10w 2025"]
[Site "Willingen GER"]
[Date "2025.06.09"]
[Round "3"]
[White "Andreeva, Katharina"]
[Black "Helbig, Frieda"]
[Result "0-1"]
[Termination "normal"]
[Board "9"]
[WhiteElo "1614"]
[BlackElo "1449"]
[WhiteClock "00:00:39"]
[BlackClock "00:54:49"]
[PlyCount "58"]
[WhiteFideId "533000905"]
[BlackFideId "533010161"]
[EventCountry "GER"]
[EventRounds "9"]
[EventType "swiss"]
[EventDate "2025.06.07"]

1. e4 {[%clk 01:30:59]} c6 {[%clk 01:30:52]} {[%emt 00:00:08]} 2. Nc3 {[%clk
01:31:21]} {[%emt 00:00:08]} d5 {[%clk 01:31:03]} {[%emt 00:00:19]} 3. Nf3
{[%clk 01:31:47]} {[%emt 00:00:04]} Bg4 {[%clk 01:31:19]} {[%emt 00:00:14]} 4.
h3 {[%clk 01:20:54]} {[%emt 00:11:22]} Bxf3 {[%clk 01:30:30]} {[%emt 00:01:20]}
5. Qxf3 {[%clk 01:19:03]} {[%emt 00:02:19]} e6 {[%clk 01:30:12]} {[%emt
00:00:48]} 6. e5 {[%clk 00:48:36]} {[%emt 00:30:57]} Nd7 {[%clk 01:24:28]}
{[%emt 00:06:15]} 7. d4 {[%clk 00:42:16]} {[%emt 00:06:51]} c5 {[%clk
01:18:49]} {[%emt 00:06:09]} 8. Be3 {[%clk 00:32:22]} {[%emt 00:10:24]} Ne7
{[%clk 01:15:31]} {[%emt 00:03:49]} 9. g4 {[%clk 00:21:47]} {[%emt 00:11:01]}
Nc6 {[%clk 01:13:30]} {[%emt 00:02:34]} 10. Ne2 {[%clk 00:16:42]} {[%emt
00:05:33]} cxd4 {[%clk 01:09:59]} {[%emt 00:04:02]} 11. Nxd4 {[%clk 00:13:48]}
{[%emt 00:03:24]} Ndxe5 {[%clk 01:07:30]} {[%emt 00:03:00]} 12. Qe2 {[%clk
00:10:09]} {[%emt 00:04:06]} Nxd4 {[%clk 01:05:18]} {[%emt 00:02:45]} 13. Bxd4
{[%clk 00:09:56]} {[%emt 00:00:43]} Nc6 {[%clk 01:03:49]} {[%emt 00:01:58]} 14.
Bc3 {[%clk 00:08:45]} {[%emt 00:01:39]} Bb4 {[%clk 01:01:56]} {[%emt 00:02:25]}
15. Bxb4 {[%clk 00:08:13]} {[%emt 00:01:03]} Nxb4 {[%clk 01:02:02]} {[%emt
00:00:24]} 16. Qb5+ {[%clk 00:07:28]} {[%emt 00:01:12]} Nc6 {[%clk 01:02:11]}
{[%emt 00:00:24]} 17. Qxb7 {[%clk 00:06:40]} {[%emt 00:01:13]} Nd4 {[%clk
01:01:25]} {[%emt 00:01:20]} 18. O-O-O {[%clk 00:04:35]} {[%emt 00:02:34]} Nf3
{[%clk 01:00:02]} {[%emt 00:01:54]} 19. Bb5+ {[%clk 00:03:19]} {[%emt
00:01:45]} Kf8 {[%clk 00:59:31]} {[%emt 00:01:03]} 20. Rd3 {[%clk 00:01:52]}
{[%emt 00:01:54]} Ne5 {[%clk 00:58:25]} {[%emt 00:01:35]} 21. Rc3 {[%clk
00:01:13]} {[%emt 00:01:12]} Qb8 {[%clk 00:56:25]} {[%emt 00:02:32]} 22. Rc7
{[%clk 00:00:35]} {[%emt 00:01:06]} Qxb7 {[%clk 00:56:33]} {[%emt 00:00:24]}
23. Rxb7 {[%clk 00:00:56]} {[%emt 00:00:08]} g6 {[%clk 00:55:31]} {[%emt
00:01:33]} 24. f4 {[%clk 00:00:52]} {[%emt 00:00:32]} Nf3 {[%clk 00:55:27]}
{[%emt 00:00:34]} 25. Rf1 {[%clk 00:00:51]} {[%emt 00:00:28]} Nd4 {[%clk
00:54:54]} {[%emt 00:01:07]} 26. Bd3 {[%clk 00:00:45]} {[%emt 00:00:36]} Kg7
{[%clk 00:54:14]} {[%emt 00:01:10]} 27. c3 {[%clk 00:00:37]} {[%emt 00:00:38]}
Nc6 {[%clk 00:54:20]} {[%emt 00:00:23]} 28. Rc7 {[%clk 00:00:40]} {[%emt
00:00:23]} Rac8 {[%clk 00:54:33]} {[%emt 00:00:22]} 29. Rxc8 {[%clk 00:00:39]}
{[%emt 00:00:31]} Rxc8 {[%clk 00:54:49]} {[%emt 00:00:14]} 0-1

[Event "DEM U10w 2025"]
[Site "Willingen GER"]
[Date "2025.06.09"]
[Round "3"]
[White "Artarov, Rina"]
[Black "Sniegowski, Amalia"]
[Result "1-0"]
[Termination "normal"]
[Board "10"]
[WhiteElo "1282"]
[BlackElo "1411"]
[WhiteClock "00:19:30"]
[BlackClock "00:26:21"]
[PlyCount "75"]
[WhiteFideId "34692541"]
[BlackFideId "34675620"]
[EventCountry "GER"]
[EventRounds "9"]
[EventType "swiss"]
[EventDate "2025.06.07"]

1. d4 {[%clk 01:30:58]} {[%emt 00:00:01]} Nf6 {[%clk 01:30:52]} {[%emt
00:00:08]} 2. Bf4 {[%clk 01:31:18]} {[%emt 00:00:10]} d5 {[%clk 01:31:01]}
{[%emt 00:00:20]} 3. e3 {[%clk 01:31:22]} {[%emt 00:00:26]} Bf5 {[%clk
01:31:16]} {[%emt 00:00:15]} 4. c4 {[%clk 01:31:33]} {[%emt 00:00:19]} e6
{[%clk 01:31:25]} {[%emt 00:00:21]} 5. Nc3 {[%clk 01:31:34]} {[%emt 00:00:28]}
Bb4 {[%clk 01:31:38]} {[%emt 00:00:17]} 6. a3 {[%clk 01:30:55]} {[%emt
00:01:10]} Bxc3+ {[%clk 01:31:11]} {[%emt 00:00:57]} 7. bxc3 {[%clk 01:31:13]}
{[%emt 00:00:10]} Ne4 {[%clk 01:30:21]} {[%emt 00:01:21]} 8. Qb3 {[%clk
01:31:00]} {[%emt 00:00:42]} Nd7 {[%clk 01:21:49]} {[%emt 00:09:04]} 9. Rc1
{[%clk 01:27:46]} {[%emt 00:03:44]} b6 {[%clk 01:17:06]} {[%emt 00:05:13]} 10.
cxd5 {[%clk 01:26:39]} {[%emt 00:01:36]} exd5 {[%clk 01:12:37]} {[%emt
00:05:00]} 11. c4 {[%clk 01:26:51]} {[%emt 00:00:18]} dxc4 {[%clk 01:11:26]}
{[%emt 00:01:40]} 12. Bxc4 {[%clk 01:27:12]} {[%emt 00:00:07]} O-O {[%clk
01:09:59]} {[%emt 00:01:58]} 13. Bxc7 {[%clk 01:27:13]} {[%emt 00:00:30]} Qe7
{[%clk 01:02:45]} {[%emt 00:07:42]} 14. Nf3 {[%clk 01:26:13]} {[%emt 00:01:30]}
Ndf6 {[%clk 00:59:36]} {[%emt 00:03:40]} 15. O-O {[%clk 01:23:30]} {[%emt
00:03:14]} Qxc7 {[%clk 00:54:47]} {[%emt 00:05:19]} 16. Bd5 {[%clk 01:20:31]}
{[%emt 00:03:28]} Qe7 {[%clk 00:53:57]} {[%emt 00:01:12]} 17. Bxa8 {[%clk
01:19:57]} {[%emt 00:01:12]} Rxa8 {[%clk 00:53:35]} {[%emt 00:00:52]} 18. Rfd1
{[%clk 01:13:50]} {[%emt 00:06:37]} Ng4 {[%clk 00:48:43]} {[%emt 00:05:21]} 19.
Qd5 {[%clk 01:09:10]} {[%emt 00:05:04]} Rd8 {[%clk 00:39:45]} {[%emt 00:09:35]}
20. Qxf5 {[%clk 01:09:03]} {[%emt 00:00:37]} Ngxf2 {[%clk 00:39:25]} {[%emt
00:00:50]} 21. Rf1 {[%clk 00:57:04]} {[%emt 00:12:28]} Qxa3 {[%clk 00:38:33]}
{[%emt 00:01:22]} 22. Rc8 {[%clk 00:49:17]} {[%emt 00:08:16]} Rf8 {[%clk
00:36:48]} {[%emt 00:02:15]} 23. Rxf8+ {[%clk 00:46:35]} {[%emt 00:03:12]} Kxf8
{[%clk 00:36:40]} {[%emt 00:00:38]} 24. Qc8+ {[%clk 00:46:11]} {[%emt
00:00:54]} Ke7 {[%clk 00:36:48]} {[%emt 00:00:19]} 25. Qc7+ {[%clk 00:46:13]}
{[%emt 00:00:31]} Ke8 {[%clk 00:36:10]} {[%emt 00:01:08]} 26. Qe5+ {[%clk
00:46:23]} {[%emt 00:00:17]} Kf8 {[%clk 00:36:22]} {[%emt 00:00:20]} 27. Qb8+
{[%clk 00:42:48]} {[%emt 00:04:05]} Ke7 {[%clk 00:36:28]} {[%emt 00:00:23]} 28.
Qc7+ {[%clk 00:42:40]} {[%emt 00:00:38]} Ke8 {[%clk 00:36:37]} {[%emt
00:00:21]} 29. Qc2 {[%clk 00:41:31]} {[%emt 00:01:33]} Qxe3 {[%clk 00:31:37]}
{[%emt 00:05:37]} 30. Rxf2 {[%clk 00:36:27]} {[%emt 00:05:33]} Nxf2 {[%clk
00:30:50]} {[%emt 00:01:18]} 31. Qxf2 {[%clk 00:35:49]} {[%emt 00:01:09]} Qc1+
{[%clk 00:30:49]} {[%emt 00:00:30]} 32. Ne1 {[%clk 00:28:33]} {[%emt 00:07:46]}
a5 {[%clk 00:30:05]} {[%emt 00:01:14]} 33. Qe2+ {[%clk 00:27:14]} {[%emt
00:01:48]} Kf8 {[%clk 00:29:23]} {[%emt 00:01:12]} 34. Kh1 {[%clk 00:18:23]}
{[%emt 00:09:22]} a4 {[%clk 00:28:34]} {[%emt 00:01:19]} 35. d5 {[%clk
00:18:24]} {[%emt 00:00:30]} a3 {[%clk 00:27:11]} {[%emt 00:01:53]} 36. d6
{[%clk 00:18:48]} {[%emt 00:00:06]} a2 {[%clk 00:26:59]} {[%emt 00:00:42]} 37.
Qe7+ {[%clk 00:19:05]} {[%emt 00:00:12]} Kg8 {[%clk 00:26:21]} {[%emt
00:01:08]} 38. Qe8# {[%clk 00:19:30]} {[%emt 00:00:05]} 1-0